00964nam a2200277Ia 450000500170000000800410001702000180005802000150007608200140009110000290010524500420013425000380017630000250021449000320023950000420027150501190031365000180043265000290045065000290047965000280050826400270053633600270056333700330059033800280062304000350065120220317001401.0161108s2012 sp g 000 0 spa  a9789584232038 a958423203704a170bS18e1 aSavater, Fernandod1947-1 aÉtica para AmadorcFernando Savater a1a. edición b6a. reimpresión a147 páginasc23 cm aBiblioteca Fernando Savater aIncluye datos biográficos del autor aDe qué va la ética -- Haz lo que quieras -- Aparece Pepito Grillo -- Ponte en su lugar -- Elecciones generales142LEMBaÉtica142LEMBaConciencia (Moral)142LEMBaConducta (Ética)142LEMBaEducación moral aBarcelonabArielc2012 atextobtxt2rdacontent asin mediaciónbn2rdamedia avolumenbnc2rdacarrier aCO-BoRNBPbspaerdacCO-BoRNBP